00418 2200169 4500245005100000020002200051250000900073100002500082700001000107650001600117005001900133260003700152041001400189084001100203300002500214336000900239 aDon't Trust AnyonecHapie Joseph AloysiahText a978-602-19302-2-9 a2012 aHapie Joseph Aloysia aPutri aNovel Fiksi a20240904125822 aSlemanbImmortal Publisherc2012 aIndonesia a808.83 a216 halaman :c20 cm atext